Iron John : a book about men = Iron John : un libro sobre el hombre /
Spremljeno u:
| Glavni autor: | |
|---|---|
| Format: | Nepoznato |
| Jezik: | English |
| Izdano: |
Reading, Mass :
Vintage,
1991.
|
| Teme: | |
| Oznake: |
Dodaj oznaku
Bez oznaka, Budi prvi tko označuje ovaj zapis!
|
MARC
| LEADER | 000000000a22000000004500 | ||
|---|---|---|---|
| 001 | 015297 | ||
| 041 | 0 | |a eng | |
| 082 | 0 | 4 | |a 305.31 |b B661i |
| 100 | 1 | |a Bly, Robert | |
| 245 | 1 | 0 | |a Iron John : |b a book about men = Iron John : un libro sobre el hombre / |c Robert Bly. |
| 246 | 3 | 1 | |a Iron John : un libro sobre el hombre |
| 260 | 1 | |a Reading, Mass : |b Vintage, |c 1991. | |
| 300 | |a xi, 268 páginas ; |c 25 cm. | ||
| 650 | 4 | |a ESTADOS UNIDOS | |
| 650 | 4 | |a MASCULINIDAD | |
| 650 | 4 | |a HOMBRES | |
| 500 | |a Colección George Yúdice | ||
| 999 | |c 21154 |d 21154 | ||
| 942 | |c BK |h 305.31 B661i |2 z | ||
